[Event "GBR-ch U1750 op 105th"]
[Site "Hull"]
[Date "2018.08.03"]
[Round "5"]
[White "Bullock, Lee"]
[Black "Willoughby, Andrew P"]
[Result "1-0"]
[WhiteElo "1556"]
[BlackElo "1675"]
[PlyCount "64"]
[EventDate "2018.07.30"]
[EventType "swiss"]
[EventRounds "5"]
[EventCountry "ENG"]
[SourceTitle "EXT 2021"]
[Source "ChessBase"]
[SourceDate "2020.10.23"]
[SourceVersion "1"]
[SourceVersionDate "2020.10.23"]
[SourceQuality "1"]

1. Nf3 Nc6 2. d4 e6 3. Bf4 d5 4. e3 a6 5. c3 h6 6. Bd3 Nf6 7. Nbd2 Bd6 8. Bg3 Ne7 9. Qc2 Bxg3 10. hxg3 Qd6 11. Ne5 Nd7 12. Ndf3 Nxe5 13. Nxe5 Nc6 14. Nxc6 Qxc6 15. g4 e5 16. dxe5 Bxg4 17. f3 Be6 18. 0-0-0 0-0-0 19. f4 g6 20. Kb1 Qb6 21. Qe2 h5 22. Qf2 a5 23. Bc2 Qc5 24. Rd4 b5 25. e4 Qb6 26. Rhd1 c5 27. R4d2 Qc6 28. f5 gxf5 29. exf5 d4 30. fxe6 dxc3 31. Rxd8+ Rxd8 32. Rxd8+ Kxd8 1-0

[Event "GBR-ch U1750 op 105th"]
[Site "Hull"]
[Date "2018.07.30"]
[Round "1"]
[White "Farrow, Ian"]
[Black "Willoughby, Andrew P"]
[Result "1-0"]
[WhiteElo "1480"]
[BlackElo "1675"]
[PlyCount "57"]
[EventDate "2018.07.30"]
[EventType "swiss"]
[EventRounds "5"]
[EventCountry "ENG"]
[SourceTitle "EXT 2021"]
[Source "ChessBase"]
[SourceDate "2020.10.23"]
[SourceVersion "1"]
[SourceVersionDate "2020.10.23"]
[SourceQuality "1"]

1. e4 c6 2. d4 d5 3. Nc3 dxe4 4. Nxe4 Bf5 5. Ng3 Bg6 6. Nf3 Nf6 7. Bd3 e6 8. Bxg6 hxg6 9. Bg5 Nbd7 10. Qd3 Bb4+ 11. c3 Be7 12. 0-0-0 Ng4 13. Bxe7 Qxe7 14. Qe2 Ngf6 15. Ne5 Nd5 16. Ne4 Nxe5 17. dxe5 0-0 18. h4 a6 19. h5 Nf4 20. Qf3 Nxh5 21. Rxh5 gxh5 22. Qxh5 f6 23. Rh1 fxe5 24. Ng5 Qxg5+ 25. Qxg5 Rxf2 26. g4 Raf8 27. Qxe5 Rg2 28. Qxe6+ Rf7 29. Rf1 1-0